| 000 | 05848nam a22005057a 4500 | ||
|---|---|---|---|
| 005 | 2010092501091.0 | ||
| 010 | _aB-411045-070 | ||
| 020 |
_c295.00 _a9788172453060 |
||
| 035 | _aB-411045-070 | ||
| 037 | _bGoodwill Publishing House | ||
| 082 | _a649.1 | ||
| 100 |
_aBhardwaj, Ashwani _921636 |
||
| 245 |
_aA complete guide to baby & child care / _cby Ashwani Bhardwaj |
||
| 260 |
_aNew Delhi _bGoodwill Publishing House _c(200?) |
||
| 270 |
_aB-3, Rattan Jyoti, 18 Rajendra Place _bNew Delhi _e110008 |
||
| 300 |
_a476p. _c25cm(pbk ) |
||
| 942 |
_2ddc _cEN _mBHA _h649.1 |
||
| 999 |
_c35554 _d35554 |
||